00902nam a2200289 a 4500001001000000003000900010005001700019007001000036008004100046020001500087040002200102082002000124100002800144243000600172245004800178260005200226300004400278500003400322505004500356563006300401650002400464650002700488710005300515740001400568740001300582740001700595000031983DO-SdBNP20220701115933.0000031983110707s2006 dr ac 000 0 spa d a9945857800 aBPMSUbspacBPMSU04aRD863.44bB742c1 4Bosch, Juan d1909-2001 p 10aPalabra de Bosch : bcuentos /cJuan Bosch  aSanto Domingo :bFundación Juan Bosch,c2006. a17 p. :bil., retrs. + CD-ROM ;c20 cm. aEntrevista sobre los cuentos 0 tLuis Pie --tLos amos --tEn un bohio -- aTres obras publicadas juntas con paginación continúa  4aCuentos dominicanos 4aLiteratura dominicana 2 aFundación Juan Boschb(República Dominicana) aLuis Pie  aLos amos aEn un bohio